000 00305nam a22001337a 4500
008 170706b xxu||||| |||| 00| 0 eng d
020 _a9780044457145
041 _aeng
080 _a82
100 _a22
101 _aGJL
245 _aSHARED SPACE EASSYS ON CONFLICT
_cCHISHOLM.M
942 _2udc
_cBK
999 _c19971
_d19971